Futbalisti dostanú 1,450 mil. Sk

Bibliographic Details
Format: Article
Language:Slovak
Subjects:

MARC

LEADER 00000nab a2200000 a 4500
001 vtls009485241
003 SK-MaSNL
005 20260303170225.0
008 171110c2008 xo wr 0 0slo
038 |a SLLK 
040 |a SLLK  |b slo  |c sllk  |e AACR2 
041 |a slo 
044 |a xo  |c SK 
080 |a 352.9  |2 2001 
080 |a 796.332  |2 2001 
245 0 0 |a Futbalisti dostanú 1,450 mil. Sk  |c [autor] (hm) 
610 2 7 |a Mestský futbalový klub Stará Ľubovňa  |2 snkbucl  |9 1031864 
610 1 7 |a Stará Ľubovňa (Slovensko).  |b Mestské zastupiteľstvo  |2 snkbucl  |9 94961 
648 7 |a 2008  |2 snkbucl  |9 317238 
650 0 7 |a šport  |2 snkbucl  |9 1042 
650 0 7 |a futbalové kluby  |x financovanie  |2 snkbucl  |9 1045180 
651 7 |a Stará Ľubovňa (Slovensko)  |2 snkbucl  |9 19193 
773 0 |t Ľubovnianske noviny  |g Roč. XXXIV, č. 27 (2008), s. 8 
999 |c 2075913  |d 2077843